50 villes les plus peuplées du Finistère sur une carte - Statistiques

Statistiques générales
  • Ce quiz a été pris 50 fois
  • Le résultat moyen est 18 sur 50
Réponses sur la Carte
Les réponses sont colorées sur une échelle allant du rouge au vert en fonction du pourcentage des utilisateurs qui les ont devinées à leur premier essai. Vous pouvez retrouver ces pourcentages ci-dessous.
 
Statistiques - réponses
Réponse % Correct
Brest
98%
Quimper
91%
Concarneau
76%
Morlaix
76%
Quimperlé
71%
Douarnenez
69%
Landerneau
69%
Crozon
58%
Guipavas
56%
Landivisiau
51%
Chateaulin
49%
Fouesnant
49%
Plougastel-Daoulas
47%
Pont-l'Abbé
40%
Carhaix-Plouguer
38%
Plouzané
38%
Saint-Renan
38%
Lesneven
36%
Gouesnou
33%
Guilers
33%
Ploudalmézeau
33%
Rosporden
33%
Ergué-Gaberic
31%
Le Relecq-Kerhuon
31%
Penmarc'h
31%
Saint-Pol-de-Léon
31%
Trégunc
31%
Briec
29%
Plabennec
29%
Plougonvelin
29%
Lannilis
27%
Loctudy
27%
Plouarzel
27%
Saint-Martin-des-Champs
24%
Scaër
24%
Milizac
22%
Moëlan-sur-Mer
22%
Plouguerneau
22%
Loperhet
20%
Plouigneau
20%
Plourin-lès-Morlaix
20%
Pluguffan
20%
Bannalec
18%
Plonéour-Lanvern
18%
Plomelin
16%
Plouvien
16%
Combrit
13%
Riec-sur-Belon
13%
Clohars-Carnoët
11%
Plouhinec
9%
Aucun quiz correspondant
Distribution des résultats
% des personnes avec chaque résultat
Percentile par nombre de réponses
Votre historique - résultats
Vous n’avez pas pris ce quiz